[Event "Prague op-A 19th"]
[Site "Prague"]
[Date "2020.01.15"]
[Round "7"]
[White "Brhel, Jan"]
[Black "Pascot, Jean"]
[Result "1-0"]
[WhiteElo "2056"]
[BlackElo "1809"]
[PlyCount "51"]
[EventDate "2020.01.10"]
[EventType "swiss"]
[EventRounds "9"]
[EventCountry "CZE"]
[SourceTitle "CBM 195 Extra"]
[Source "ChessBase"]
[SourceDate "2020.05.31"]
[SourceVersion "1"]
[SourceVersionDate "2020.05.31"]
[SourceQuality "1"]

1. e4 e5 2. Nf3 Nc6 3. d4 exd4 4. Nxd4 g6 5. Nc3 Bg7 6. Be3 Nge7 7. Qd2 a6 8. 0-0-0 b5 9. Nxc6 Nxc6 10. Bg5 Bxc3 11. bxc3 f6 12. Bh6 Qe7 13. f4 Rb8 14. Kb2 b4 15. Ka1 Na5 16. Qd5 Nc6 17. Qd2 Na5 18. Qd5 Nc6 19. e5 bxc3 20. exf6 Qe6 21. Bc4 Kf7 22. Rhe1 Nb4 23. Qe4 d5 24. Rxd5 Qxe4 25. Rd7+ Kxf6 26. Rf7# 1-0

[Event "Espalion op 3rd"]
[Site "Espalion"]
[Date "2018.07.21"]
[Round "9"]
[White "Carton, Patrick"]
[Black "Pascot, Jean"]
[Result "1-0"]
[WhiteElo "2189"]
[BlackElo "1796"]
[PlyCount "65"]
[EventDate "2018.07.14"]
[EventType "swiss"]
[EventRounds "9"]
[EventCountry "FRA"]
[SourceTitle "CBM 185 Extra"]
[Source "ChessBase"]
[SourceDate "2018.07.29"]
[SourceVersion "1"]
[SourceVersionDate "2018.07.29"]
[SourceQuality "1"]

1. e4 e5 2. Nf3 Nc6 3. Bb5 a6 4. Bxc6 dxc6 5. d4 exd4 6. Qxd4 Bg4 7. Bg5 Qxd4 8. Nxd4 f6 9. Be3 Bd6 10. f3 Bd7 11. c3 Ne7 12. Nd2 Ng6 13. 0-0 0-0 14. Rad1 Rad8 15. Rfe1 Ne5 16. b3 g6 17. Nf1 Kg7 18. Bf2 c5 19. Nc2 c4 20. Re2 f5 21. exf5 Bxf5 22. Bd4 Bc5 23. Nce3 Bxd4 24. cxd4 Bd3 25. Ree1 Rxd4 26. Nc2 Rd5 27. Nb4 Rb5 28. Nxd3 cxd3 29. Re4 Rd8 30. a4 Rc5 31. b4 Rc2 32. Rxe5 Re2 33. Rxd3 1-0

[Event "Espalion op 2nd"]
[Site "Espalion"]
[Date "2017.07.21"]
[Round "8"]
[White "Pascot, Jean"]
[Black "Dubois, Martine"]
[Result "1-0"]
[WhiteElo "1856"]
[BlackElo "1946"]
[PlyCount "69"]
[EventDate "2017.07.15"]
[EventType "swiss"]
[EventRounds "9"]
[EventCountry "FRA"]
[SourceTitle "CBM 179 Extra"]
[Source "ChessBase"]
[SourceDate "2017.08.23"]
[SourceVersion "1"]
[SourceVersionDate "2017.08.23"]
[SourceQuality "1"]

1. e4 d5 2. d4 dxe4 3. f3 exf3 4. Nxf3 Bg4 5. Bc4 e6 6. 0-0 Nf6 7. Nc3 c6 8. Kh1 Qc7 9. Qe1 Be7 10. Ne5 Nbd7 11. Qg3 Bh5 12. Bf4 Qb6 13. Bb3 Bg6 14. Nc4 Nh5 15. Qe3 Qd8 16. Nd6+ Bxd6 17. Bxd6 Nf8 18. Ba3 Nf6 19. d5 Nxd5 20. Nxd5 cxd5 21. Rad1 Qb6 22. Bc5 Qa6 23. Qg5 f6 24. Rxf6 0-0-0 25. Rf3 Nd7 26. Bg1 Be4 27. Re3 h6 28. Qg3 e5 29. Bxd5 Bxd5 30. Rxd5 Qxa2 31. Rc3+ Kb8 32. Rb5 a6 33. Rbb3 g5 34. Qf3 b5 35. Qe3 1-0

[Event "Espalion op 2nd"]
[Site "Espalion"]
[Date "2017.07.18"]
[Round "5"]
[White "Uliczny, Kevin"]
[Black "Pascot, Jean"]
[Result "0-1"]
[WhiteElo "1690"]
[BlackElo "1856"]
[PlyCount "60"]
[EventDate "2017.07.15"]
[EventType "swiss"]
[EventRounds "9"]
[EventCountry "FRA"]
[SourceTitle "CBM 179 Extra"]
[Source "ChessBase"]
[SourceDate "2017.08.23"]
[SourceVersion "1"]
[SourceVersionDate "2017.08.23"]
[SourceQuality "1"]

1. e4 e5 2. Nf3 Nc6 3. Bb5 a6 4. Bxc6 dxc6 5. h3 f6 6. d4 exd4 7. Qxd4 Bd6 8. Be3 Be6 9. Nc3 c5 10. Qd2 Ne7 11. Rd1 Ng6 12. Qe2 Qe7 13. Nd5 Qf7 14. 0-0 Rd8 15. b3 c6 16. Nb6 0-0 17. c4 Bc7 18. Bxc5 Nf4 19. Qe3 Bxh3 20. g3 Bxf1 21. Rxf1 Rd3 22. Qe1 Rfd8 23. Nh4 g5 24. Nf5 Qh5 25. gxf4 Rd1 26. Ng3 Qg6 27. f5 Qe8 28. Qb4 Bxg3 29. fxg3 Qxe4 30. Be7 Qe3+ 0-1

[Event "Espalion op 2nd"]
[Site "Espalion"]
[Date "2017.07.17"]
[Round "3"]
[White "Mourgues, Joelle"]
[Black "Pascot, Jean"]
[Result "0-1"]
[WhiteElo "1624"]
[BlackElo "1856"]
[PlyCount "76"]
[EventDate "2017.07.15"]
[EventType "swiss"]
[EventRounds "9"]
[EventCountry "FRA"]
[SourceTitle "CBM 179 Extra"]
[Source "ChessBase"]
[SourceDate "2017.08.23"]
[SourceVersion "1"]
[SourceVersionDate "2017.08.23"]
[SourceQuality "1"]

1. Nf3 Nf6 2. d3 g6 3. g3 Bg7 4. Bg2 0-0 5. 0-0 d6 6. e4 c6 7. Nbd2 Nbd7 8. c3 Rb8 9. a4 Qa5 10. Nc4 Qc7 11. Be3 Ng4 12. h3 Nxe3 13. Nxe3 e6 14. Qc2 b5 15. axb5 cxb5 16. d4 Bb7 17. Rac1 Rfc8 18. Nd2 Bh6 19. Ng4 Bg7 20. Qd3 Ba6 21. Qe3 e5 22. Nf3 Rf8 23. dxe5 dxe5 24. Rfd1 Bb7 25. Nh4 h5 26. Nh2 Kh7 27. N2f3 Bh6 28. Ng5+ Kg8 29. f4 Bxg5 30. fxg5 Nc5 31. b4 Nb3 32. Rb1 a5 33. Bf1 Qc6 34. Bd3 Qxc3 35. Qe2 Qxb4 36. Bc2 Qc5+ 37. Kh2 Nd4 38. Qe3 Qxc2+ 0-1

[Event "Espalion op 2nd"]
[Site "Espalion"]
[Date "2017.07.16"]
[Round "2"]
[White "Pascot, Jean"]
[Black "Moingt, Anne"]
[Result "0-1"]
[WhiteElo "1856"]
[BlackElo "2027"]
[PlyCount "86"]
[EventDate "2017.07.15"]
[EventType "swiss"]
[EventRounds "9"]
[EventCountry "FRA"]
[SourceTitle "CBM 179 Extra"]
[Source "ChessBase"]
[SourceDate "2017.08.23"]
[SourceVersion "1"]
[SourceVersionDate "2017.08.23"]
[SourceQuality "1"]

1. e4 c5 2. c3 d5 3. exd5 Qxd5 4. d4 Nf6 5. Nf3 e6 6. Be2 Be7 7. c4 Qd8 8. Nc3 0-0 9. 0-0 Nc6 10. dxc5 Bxc5 11. a3 b6 12. Bg5 Be7 13. Qa4 Bb7 14. Rad1 Qc7 15. Bh4 Rad8 16. Bg3 Qc8 17. Bd3 Nh5 18. Qc2 g6 19. Ne2 Nxg3 20. hxg3 Bf6 21. Rd2 Bg7 22. Rfd1 Bh6 23. Nf4 e5 24. Nd5 Bxd2 25. Qxd2 Kg7 26. Qg5 f6 27. Qe3 Qe6 28. Re1 Qf7 29. Bc2 Rfe8 30. Ba4 Re6 31. g4 Ne7 32. Nc7 Red6 33. Nxe5 fxe5 34. Qxe5+ Qf6 35. Qxe7+ Qxe7 36. Rxe7+ Kf6 37. Rxh7 Bc6 38. Bxc6 Rxc6 39. Nd5+ Kg5 40. Ne3 Rd2 41. g3 Kf6 42. f4 Rxb2 43. Rxa7 Ra2 0-1

[Event "Sautron op 16th"]
[Site "Sautron"]
[Date "2016.10.22"]
[Round "5.7"]
[White "Pascot, Jean"]
[Black "Manea, Alexandru"]
[Result "0-1"]
[WhiteElo "1874"]
[BlackElo "2382"]
[PlyCount "64"]
[EventDate "2016.10.22"]
[EventType "swiss"]
[EventRounds "9"]
[EventCountry "FRA"]
[SourceTitle "EXT 2019"]
[Source "ChessBase"]
[SourceDate "2018.10.10"]
[SourceVersion "1"]
[SourceVersionDate "2018.10.10"]
[SourceQuality "1"]

1. e4 c5 2. c3 g6 3. d4 cxd4 4. Nf3 Bg7 5. Bc4 e6 6. 0-0 Ne7 7. Nxd4 a6 8. Qe2 0-0 9. Bg5 d6 10. Rd1 Qc7 11. Nd2 Nbc6 12. N2f3 Na5 13. Bd3 e5 14. Nc2 f6 15. Bd2 Be6 16. Ne3 Rac8 17. c4 Nac6 18. Rac1 h6 19. Nd5 Qb8 20. c5 dxc5 21. Rxc5 Kh7 22. Qe3 Rcd8 23. Bc1 Rd6 24. h4 h5 25. g3 Qd8 26. a3 b6 27. Rc3 Nxd5 28. exd5 Bxd5 29. Ne1 Nd4 30. Nc2 Nf3+ 31. Kf1 f5 32. Qe2 e4 0-1

[Event "Sautron op 13th"]
[Site "Sautron"]
[Date "2013.10.??"]
[Round "7"]
[White "Goupil, Arnaud"]
[Black "Pascot, Jean"]
[Result "1-0"]
[WhiteElo "2134"]
[BlackElo "1838"]
[PlyCount "105"]
[EventDate "2013.10.26"]
[EventType "swiss"]
[EventRounds "9"]
[EventCountry "FRA"]
[SourceTitle "EXT 2016"]
[Source "ChessBase"]
[SourceDate "2015.10.08"]
[SourceVersion "1"]
[SourceVersionDate "2015.10.08"]
[SourceQuality "1"]

1. c4 Nf6 2. Nc3 c5 3. g3 Nc6 4. Bg2 g6 5. e3 Bg7 6. Nge2 0-0 7. 0-0 d6 8. a3 Qb6 9. d3 Be6 10. Rb1 Rad8 11. Nd5 Bxd5 12. cxd5 Ne5 13. Qc2 Rc8 14. b3 Qa6 15. Rd1 b5 16. f4 Ned7 17. h3 Rc7 18. Kh2 Rfc8 19. Bb2 Nb6 20. e4 c4 21. dxc4 bxc4 22. b4 c3 23. Bc1 Nc4 24. Qxc3 Nxd5 25. Qd3 Ndb6 26. Nd4 Qa4 27. Rf1 Bxd4 28. Qxd4 Qc2 29. Ra1 e5 30. fxe5 dxe5 31. Qf2 Qxf2 32. Rxf2 Nd6 33. Bh6 f5 34. exf5 Nxf5 35. Bg5 Kg7 36. g4 h6 37. gxf5 hxg5 38. fxg6 Rc2 39. Rf7+ Kxg6 40. Rxa7 Nd5 41. Kg1 Nc3 42. Ra6+ Kh5 43. Re1 e4 44. Bf1 Kh4 45. Rf6 Ra2 46. Re3 Kh5 47. Rd6 Rf8 48. Bc4 Rc2 49. Be6 g4 50. Bxg4+ Kg5 51. Rg3 Kh4 52. Rg2 Rc1+ 53. Kh2 1-0

[Event "Sautron op 13th"]
[Site "Sautron"]
[Date "2013.10.??"]
[Round "4"]
[White "Pascot, Jean"]
[Black "Delorme, Alban"]
[Result "0-1"]
[WhiteElo "1838"]
[BlackElo "2283"]
[PlyCount "27"]
[EventDate "2013.10.26"]
[EventType "swiss"]
[EventRounds "9"]
[EventCountry "FRA"]
[SourceTitle "EXT 2016"]
[Source "ChessBase"]
[SourceDate "2015.10.08"]
[SourceVersion "1"]
[SourceVersionDate "2015.10.08"]
[SourceQuality "1"]

1. e4 c5 2. c3 Nf6 3. e5 Nd5 4. d4 cxd4 5. Bc4 Nb6 6. Bd3 d5 7. Nf3 dxc3 8. Nxc3 g6 9. Bf4 Bg4 10. h3 Bxf3 11. Qxf3 Bg7 12. 0-0 Nc6 13. Rfe1 0-0 14. Rad1 0-1

[Event "Morbihan-ch 1213"]
[Site "France"]
[Date "2013.04.13"]
[Round "7"]
[White "Pascot, Jean"]
[Black "Annetti, Laurent"]
[Result "0-1"]
[WhiteElo "1868"]
[BlackElo "1875"]
[PlyCount "40"]
[EventDate "2012.10.27"]
[EventType "swiss"]
[EventRounds "7"]
[EventCountry "FRA"]
[SourceTitle "EXT 2014"]
[Source "ChessBase"]
[SourceDate "2013.11.20"]
[SourceVersion "1"]
[SourceVersionDate "2013.11.20"]
[SourceQuality "1"]

1. e4 e5 2. Nc3 Nc6 3. Bc4 Nf6 4. Nf3 Nxe4 5. Nxe4 d5 6. Bb5 dxe4 7. Nxe5 Qg5 8. d4 Qxg2 9. Rf1 a6 10. Bc4 Nxe5 11. dxe5 Bg4 12. Qd5 Qf3 13. Bg5 c6 14. Qa5 b5 15. Qb6 Bb4+ 16. c3 Bxc3+ 17. Bd2 Bxd2+ 18. Kxd2 Rd8+ 19. Kc2 0-0 20. Qe3 bxc4 0-1

[Event "Morbihan-ch 1213"]
[Site "France"]
[Date "2012.12.15"]
[Round "3"]
[White "Pascot, Jean"]
[Black "Le Corre, Yves"]
[Result "1-0"]
[WhiteElo "1862"]
[BlackElo "1920"]
[PlyCount "83"]
[EventDate "2012.10.27"]
[EventType "swiss"]
[EventRounds "7"]
[EventCountry "FRA"]
[SourceTitle "EXT 2014"]
[Source "ChessBase"]
[SourceDate "2013.11.20"]
[SourceVersion "1"]
[SourceVersionDate "2013.11.20"]
[SourceQuality "1"]

1. e4 e5 2. Nf3 Nc6 3. Bb5 a6 4. Ba4 Nf6 5. 0-0 Be7 6. Re1 b5 7. Bb3 d6 8. c3 0-0 9. h3 Nb8 10. a4 Bb7 11. Bc2 Nbd7 12. d4 Re8 13. Nbd2 Bf8 14. b4 Nb6 15. a5 Nbd7 16. dxe5 dxe5 17. Nf1 g6 18. Bb3 Bg7 19. Ng5 Re7 20. Ng3 Qe8 21. Qe2 Rd8 22. c4 c6 23. Be3 h6 24. Nf3 Nh7 25. Red1 Nhf8 26. Rd6 Re6 27. Rad1 Rxd6 28. Rxd6 Bf6 29. Bxh6 Be7 30. Ng5 Bxd6 31. c5 Ne6 32. Nxe6 fxe6 33. cxd6 Nf8 34. Qg4 Rxd6 35. Nh5 Nd7 36. Ng7 Qe7 37. Nxe6 Kh7 38. Ng5+ Kxh6 39. Qh4+ Kg7 40. Qh7+ Kf6 41. Qh8+ Kxg5 42. g3 1-0

[Event "Morbihan-ch 1112"]
[Site "Morbihan"]
[Date "2011.11.19"]
[Round "2.13"]
[White "Cozic, Matthias"]
[Black "Pascot, Jean"]
[Result "0-1"]
[WhiteElo "1490"]
[BlackElo "1876"]
[PlyCount "54"]
[EventDate "2011.10.08"]
[EventType "swiss"]
[EventRounds "7"]
[EventCountry "FRA"]
[SourceTitle "EXT 2014"]
[Source "ChessBase"]
[SourceDate "2013.11.20"]
[SourceVersion "1"]
[SourceVersionDate "2013.11.20"]
[SourceQuality "1"]

1. e4 e5 2. Nf3 Nc6 3. Bc4 Nf6 4. Nc3 Bc5 5. d3 h6 6. Be3 Bb6 7. 0-0 0-0 8. Re1 d6 9. h3 Be6 10. Bb3 Qd7 11. d4 exd4 12. Nxd4 Bxb3 13. axb3 Ne5 14. f4 Ng6 15. f5 Ne5 16. Nf3 Rae8 17. Bxb6 axb6 18. Re3 Nc6 19. Qd3 Nb4 20. Qd2 Qc6 21. Rc1 Qc5 22. Na4 Nxe4 23. Qe1 Qxf5 24. Qxb4 Ng3 25. Rxe8 Rxe8 26. Qg4 Qxg4 27. hxg4 Ne2+ 0-1

[Event "EU-ch 12th"]
[Site "Aix les Bains"]
[Date "2011.04.01"]
[Round "10"]
[White "Astengo, Corrado"]
[Black "Pascot, Jean"]
[Result "1/2-1/2"]
[WhiteElo "2119"]
[BlackElo "1873"]
[PlyCount "125"]
[EventDate "2011.03.22"]
[EventType "swiss"]
[EventRounds "11"]
[EventCountry "FRA"]
[SourceTitle "CBM 142 Extra"]
[Source "ChessBase"]
[SourceDate "2011.06.27"]
[SourceVersion "1"]
[SourceVersionDate "2011.06.27"]
[SourceQuality "1"]

1. e4 e5 2. Nf3 Nc6 3. Bc4 Bc5 4. c3 Nf6 5. d3 h6 6. 0-0 0-0 7. d4 Bb6 8. dxe5 Nxe4 9. Nbd2 d5 10. Bd3 Bf5 11. Qe2 Re8 12. Nxe4 Nxe5 13. Nxe5 Rxe5 14. Bf4 Re6 15. Rad1 Qh4 16. Bg3 Qe7 17. Bc2 Bxe4 18. Bxe4 Rxe4 19. Qh5 c6 20. Rd2 Re8 21. h3 Re1 22. Rd1 Re2 23. Rd3 Rxb2 24. Rf3 f6 25. Bf4 Qf7 26. Qg4 f5 27. Qh4 Re6 28. a4 Ra2 29. Bc1 Re4 30. Qg3 Bc7 31. Bf4 Bxf4 32. Rxf4 Raxa4 33. Rf3 Re8 34. Rb1 Rae4 35. Kh2 f4 36. Qg4 g5 37. h4 R4e5 38. hxg5 hxg5 39. Rb4 Qg7 40. Rh3 c5 41. Rb5 b6 42. Rh5 R8e6 43. Rb1 Rh6 44. Qc8+ Kh7 45. Rxh6+ Qxh6+ 46. Kg1 Qe6 47. Qc7+ Qe7 48. Qc8 Kg7 49. Rd1 Re1+ 50. Rxe1 Qxe1+ 51. Kh2 Qe7 52. Qc6 Qf7 53. Qd6 g4 54. Qe5+ Kh6 55. Qd6+ Qg6 56. Qxf4+ Kh7 57. Qc7+ Qg7 58. Qc8 d4 59. cxd4 cxd4 60. Qf5+ Kh8 61. Qc8+ Qg8 62. Qc6 Qg7 63. Qe8+ 1/2-1/2

[Event "EU-ch 12th"]
[Site "Aix les Bains"]
[Date "2011.03.30"]
[Round "8"]
[White "Heinis, Vincent"]
[Black "Pascot, Jean"]
[Result "1-0"]
[WhiteElo "2122"]
[BlackElo "1873"]
[PlyCount "25"]
[EventDate "2011.03.22"]
[EventType "swiss"]
[EventRounds "11"]
[EventCountry "FRA"]
[SourceTitle "CBM 142 Extra"]
[Source "ChessBase"]
[SourceDate "2011.06.27"]
[SourceVersion "1"]
[SourceVersionDate "2011.06.27"]
[SourceQuality "1"]

1. d4 Nf6 2. c4 c5 3. d5 b5 4. cxb5 a6 5. b6 e6 6. Nc3 Qxb6 7. e4 Be7 8. Nf3 d6 9. dxe6 Bxe6 10. Ng5 Qb4 11. Bd2 Nc6 12. Nb5 Qxb2 13. Bc3 1-0

[Event "Rohde op 09th"]
[Site "Sautron"]
[Date "2009.10.29"]
[Round "7"]
[White "Dvirnyy, Danyyil"]
[Black "Pascot, Jean"]
[Result "1-0"]
[WhiteElo "2447"]
[BlackElo "1888"]
[PlyCount "47"]
[EventDate "2009.10.24"]
[EventType "swiss"]
[EventRounds "9"]
[EventCountry "FRA"]
[SourceTitle "EXT 2010"]
[Source "ChessBase"]
[SourceDate "2010.11.25"]
[SourceVersion "1"]
[SourceVersionDate "2010.11.25"]
[SourceQuality "1"]

1. d4 Nf6 2. c4 g6 3. Nc3 Bg7 4. e4 0-0 5. Nf3 d6 6. Be2 e5 7. 0-0 Nc6 8. d5 Ne7 9. Ne1 Ne8 10. Be3 f5 11. f3 Nf6 12. Rc1 c5 13. Nd3 f4 14. Bf2 g5 15. b4 b6 16. bxc5 bxc5 17. Rb1 h5 18. Nb5 a6 19. Nxd6 Qxd6 20. Bxc5 Qd8 21. Nxe5 Nxe4 22. fxe4 Bxe5 23. d6 Nc6 24. Qd5+ 1-0